Statistics for MSU Final Four Appearances

Click here to take the quiz!

General Stats

  • This quiz has been taken 28 times
  • The average score is 10 of 10

Answer Stats

Opponent(s) and ResultAnswer% Correct
Wisconsin(W), Florida(W)2000
100%
North Carolina(L)2005
100%
Connecticut(W), North Carolina(L)2009
100%
Duke(L)2015
100%
Texas Tech(L)2019
100%
Arizona(L)2001
96%
Butler(L)2010
96%
Pennsylvania(W), Indiana St. (W)1979
92%
Duke(L)1999
92%
North Carolina(L)1957
76%

Score Distribution

Percentile by Number Answered

Percent of People with Each Score

Your Score History

You have not taken this quiz